Statistics for Paired US States and State Capitals Quiz

Click here to take the quiz!

General Stats

  • This quiz has been taken 192 times
  • The average score is 36 of 50

Answers on the Map

Answers color-coded by a green-red scale on the quiz's map according to % correct below.
 

Answer Stats

State / Capital% Correct
Texas / Austin
92%
Arizona / Phoenix
89%
California / Sacramento
89%
Georgia / Atlanta
87%
Colorado / Denver
86%
Hawaii / Honolulu
86%
Utah / Salt Lake City
86%
Oklahoma / Oklahoma City
85%
New York / Albany
84%
Alaska / Juneau
82%
Florida / Tallahassee
82%
Louisiana / Baton Rouge
82%
Tennessee / Nashville
82%
Arkansas / Little Rock
81%
Indiana / Indianapolis
80%
Idaho / Boise
79%
Washington / Olympia
79%
Massachusetts / Boston
77%
New Mexico / Santa Fe
76%
Oregon / Salem
76%
Nevada / Carson City
75%
Nebraska / Lincoln
74%
Ohio / Columbus
74%
Wyoming / Cheyenne
74%
Virginia / Richmond
73%
Illinois / Springfield
72%
Alabama / Montgomery
71%
Iowa / Des Moines
70%
Mississippi / Jackson
70%
Rhode Island / Providence
70%
Minnesota / Saint Paul
69%
Maine / Augusta
68%
Delaware / Dover
67%
Kansas / Topeka
67%
Connecticut / Hartford
65%
Montana / Helena
64%
North Carolina / Raleigh
64%
South Dakota / Pierre
64%
New Jersey / Trenton
63%
North Dakota / Bismarck
63%
Wisconsin / Madison
63%
Kentucky / Frankfort
62%
Maryland / Annapolis
60%
Michigan / Lansing
60%
New Hampshire / Concord
58%
Vermont / Montpelier
58%
Pennsylvania / Harrisburg
57%
West Virginia / Charleston
56%
Missouri / Jefferson City
55%
South Carolina / Columbia
55%

Score Distribution

Percentile by Number Answered

Percent of People with Each Score

Your Score History

You have not taken this quiz